Serie A players 2009/10 - Statistics

General Stats
  • This quiz has been taken 15 times
  • The average score is 262 of 551
Answer Stats
Rank Player Positions Nationality Matches Goals Assists Clubs % Correct
241 Alexandre Pato MF, FW 23 12 1
100%
48 Andrea Pirlo MF 34 0 4
100%
411 Andrea Rossi DF 8 0 0
100%
276 Cristian Chivu DF 20 1 1
100%
244 Cristiano Zanetti MF 23 0 0
100%
67 Daniele De Rossi DF, MF 33 7 4
100%
144 Dejan Stanković MF 29 3 4
100%
125 Esteban Cambiasso MF 30 3 2
100%
183 Fabio Cannavaro DF 27 0 0
100%
225 Filippo Inzaghi FW 24 2 2
100%
248 Francesco Totti MF, FW 23 14 5
100%
293 Goran Pandev MF, FW 19 3 3
100%
10 Javier Zanetti DF, MF 37 0 0
100%
3 Júlio César GK 38 0 0
100%
341 Luca Toni FW 15 5 1
100%
114 Lúcio DF 31 1 1
100%
172 Marco Rossi MF 28 5 1
100%
281 Marco Rossi DF 20 1 0
100%
12 Marek Hamšík MF 37 12 4
100%
134 Massimo Ambrosini MF 30 1 2
100%
80 Paolo Cannavaro DF 33 1 0
100%
497 Paolo Zanetti MF 2 0 0
100%
16 Samir Handanović GK 37 0 0
100%
102 Samuel Eto'o FW 32 12 5
100%
471 Simone Inzaghi FW 3 0 0
100%
209 Wesley Sneijder MF 26 4 5
100%
19 Alberto Gilardino FW 36 15 1
88%
121 Aleandro Rosi DF, MF 30 1 0
88%
239 Alessandro Del Piero MF, FW 23 9 3
88%
64 Alessandro Lucarelli DF 33 2 0
88%
240 Alessandro Nesta DF 23 3 0
88%
86 Alexis Sánchez MF, FW 32 5 2
88%
242 Alfonso De Lucia GK 23 0 0
88%
122 Amauri FW 30 5 1
88%
109 Andrea Poli MF 31 0 1
88%
22 Angelo Palombo MF 36 2 2
88%
37 Antonio Candreva DF, MF, FW 35 2 6
88%
38 Antonio Di Natale FW 35 29 4
88%
6 Antonio Mirante GK 37 0 0
88%
402 Christian Abbiati GK 9 0 0
88%
142 Clarence Seedorf MF 29 5 3
88%
163 Cristiano Lucarelli FW 28 10 2
88%
90 Daniele Conti MF 32 5 4
88%
387 David Beckham MF 11 0 1
88%
112 David Pizarro MF 31 2 5
88%
316 David Suazo FW 17 3 0
88%
290 David Trezeguet FW 19 7 1
88%
69 Diego MF 33 5 6
88%
447 Édgar Barreto MF 4 0 0
88%
53 Edinson Cavani MF, FW 34 13 0
88%
267 Erjon Bogdani FW 21 2 0
88%
55 Fabio Quagliarella FW 34 11 5
88%
41 Fabrizio Miccoli FW 35 19 8
88%
27 Fernando Muslera GK 36 0 0
88%
256 Gennaro Gattuso MF 22 0 0
88%
149 Germán Denis FW 29 5 2
88%
8 Giampaolo Pazzini FW 37 19 3
88%
91 Giampiero Pinzi MF 32 3 0
88%
328 Giuseppe Favalli DF 16 0 0
88%
73 Gökhan Inler MF 33 0 1
88%
168 Hugo Campagnaro DF 28 1 2
88%
129 Ignazio Abate DF, MF 30 0 0
88%
11 Jean-François Gillet GK 37 0 0
88%
30 John Arne Riise DF, MF 36 5 0
88%
4 Leonardo Bonucci DF 38 1 2
88%
75 Luciano MF 33 0 3
88%
132 Marco Amelia GK 30 0 0
88%
170 Marco Donadel MF 28 0 0
88%
330 Marco Motta DF 16 0 1
88%
379 Marek Jankulovski DF, MF 12 0 0
88%
201 Mario Balotelli FW 26 9 5
88%
307 Mark Bresciano MF 18 1 1
88%
232 Mauro Camoranesi MF 24 3 3
88%
59 Mirko Vučinić FW 34 14 6
88%
323 Mohamed Sissoko MF 17 0 1
88%
5 Morgan De Sanctis GK 38 0 0
88%
235 Nicolas Frey DF 24 0 1
88%
116 Paulo Vitor Barreto FW 31 14 4
88%
299 Philippe Mexès DF 19 1 0
88%
32 Riccardo Montolivo MF 36 2 1
88%
33 Ronaldinho MF, FW 36 12 13
88%
204 Salvatore Aronica DF 26 0 2
88%
34 Sébastien Frey GK 36 0 0
88%
103 Simone Pepe MF, FW 32 7 4
88%
45 Simon Kjær DF 35 2 0
88%
18 Stefano Sorrentino GK 37 0 0
88%
83 Stephan Lichtsteiner DF, MF 33 2 0
88%
160 Stevan Jovetić MF, FW 29 6 7
88%
206 Thiago Motta MF 26 4 2
88%
84 Thiago Silva DF 33 2 0
88%
106 Tommaso Rocchi MF, FW 32 6 5
88%
36 Walter Gargano MF 36 0 1
88%
178 Walter Samuel DF 28 3 0
88%
311 Alberto Paloschi FW 17 4 1
75%
301 Alessandro Gamberini DF 18 0 0
75%
385 Alex Manninger GK 11 0 0
75%
21 Andrea Masiello DF 36 2 0
75%
312 Andrea Ranocchia DF 17 2 1
75%
87 Antonio Cassano FW 32 9 8
75%
49 Christian Maggio DF, MF 34 5 3
75%
210 Christian Poulsen MF 25 0 0
75%
480 Ciro Immobile FW 2 0 0
75%
359 Cristian Ledesma MF 13 0 2
75%
124 Cristiano Doni MF 30 2 4
75%
111 Cristián Zapata DF 31 0 0
75%
265 Dario Dainelli DF 21 0 0
75%
40 Diego Milito FW 35 22 4
75%
421 Doni GK 7 0 0
75%
327 Dušan Basta DF, MF 16 0 0
75%
126 Ezequiel Lavezzi MF, FW 30 8 5
75%
167 Gaby Mudingayi MF 28 1 0
75%
198 Gianluca Comotto DF 26 0 2
75%
186 Gianluigi Buffon GK 27 0 0
75%
92 Giorgio Chiellini DF 32 3 2
75%
257 Giovanni Pasquale DF 22 0 0
75%
350 Hasan Salihamidžić DF, MF 14 2 0
75%
271 Iván Córdoba DF 21 0 0
75%
389 Juan Cuadrado DF, MF, FW 11 0 0
75%
153 Juan Manuel Vargas DF, MF 29 5 4
75%
212 Julio Ricardo Cruz FW 25 4 1
75%
131 Júlio Sérgio GK 30 0 0
75%
213 Klaas-Jan Huntelaar FW 25 7 0
75%
304 Luis Diego López DF 18 1 0
75%
365 Mancini MF, FW 13 0 1
75%
272 Manuel Pasqual DF, MF 21 0 1
75%
156 Marco Borriello FW 29 14 1
75%
133 Marco Di Vaio FW 30 12 2
75%
378 Marco Materazzi DF 12 0 0
75%
200 Marco Storari GK 26 0 0
75%
42 Mariano Andújar GK 35 0 0
75%
468 Marko Arnautović MF, FW 3 0 0
75%
216 Mathieu Flamini MF 25 0 1
75%
320 Maxi López FW 17 11 2
75%
458 Max Tonetto DF, MF 4 0 0
75%
78 Nenê FW 33 8 1
75%
79 Nicolás Burdisso DF 33 2 0
75%
333 Pablo Ledesma MF 16 0 0
75%
382 Patrick Vieira MF 12 1 0
75%
498 Piá MF, FW 2 0 0
75%
15 Reto Ziegler DF, MF 37 2 3
75%
262 Robert Acquafresca FW 22 3 0
75%
175 Salvatore Masiello DF, MF 28 1 1
75%
345 Sebastian Giovinco MF, FW 15 1 0
75%
44 Sergio Pellissier FW 35 11 3
75%
61 Simone Vergassola MF 34 5 3
75%
177 Ștefan Radu DF 28 0 0
75%
192 Sulley Muntari MF 27 2 1
75%
140 Valeri Bojinov FW 30 8 1
75%
346 Vincenzo Iaquinta FW 15 6 2
75%
120 Abdelkader Ghezzal FW 30 6 4
63%
107 Adaílton FW 31 11 4
63%
384 Adrian Mutu MF, FW 11 4 0
63%
62 Aleksandar Kolarov DF 33 3 2
63%
1 Alessandro Agostini DF 38 0 1
63%
2 Alessandro Matri FW 38 13 4
63%
399 Alessio Cerci MF, FW 9 0 1
63%
108 Andrea Consigli GK 31 0 0
63%
65 Andrea Cossu MF 33 2 11
63%
39 Antonio Nocerino MF 35 2 2
63%
180 Cristian Brocchi MF 27 2 1
63%
438 Cristian Molinaro DF, MF 5 0 0
63%
23 Cristiano Del Grosso DF 36 0 1
63%
360 Dani Osvaldo FW 13 3 0
63%
52 Davide Astori DF 34 2 0
63%
245 Dida GK 23 0 0
63%
145 Domenico Criscito DF, MF 29 2 2
63%
7 Édgar Álvarez DF, MF 37 3 2
63%
277 Emanuel Rivas MF 20 3 0
63%
165 Emílson Cribari DF 28 0 0
63%
196 Fabio Grosso DF, MF 26 2 1
63%
185 Fábio Simplício MF 27 3 2
63%
71 Federico Marchetti GK 33 0 0
63%
147 Felipe Melo DF, MF 29 4 0
63%
292 Francesco Lodi MF 19 1 3
63%
530 Giacomo Bonaventura MF, FW 1 0 0
63%
29 Gianluca Curci GK 36 0 0
63%
150 Gianpaolo Bellini DF 29 1 0
63%
127 Giulio Migliaccio DF, MF 30 1 1
63%
93 Giuseppe Biava DF 32 1 0
63%
57 Giuseppe Mascara FW 34 8 5
63%
9 Giuseppe Sculli MF, FW 37 6 4
63%
376 Javier Chevantón FW 12 2 1
63%
58 Javier Pastore MF, FW 34 3 5
63%
211 Jorge Martínez MF, FW 25 9 2
63%
258 José Ignacio Castillo FW 22 4 1
63%
154 Juan DF 29 0 0
63%
259 Juan Zúñiga DF, MF 22 0 0
63%
433 Kakha Kaladze DF, MF 6 0 0
63%
319 Leonardo Talamonti DF 17 0 0
63%
533 Lorenzo Insigne MF, FW 1 0 0
63%
260 Luca Antonini DF, MF 22 1 1
63%
296 Luca Castellazzi GK 19 0 0
63%
169 Luca Cigarini MF 28 2 1
63%
76 Maicon Sisenando DF 33 6 10
63%
31 Marco Biagianti MF 36 3 1
63%
171 Marco Marchionni MF 28 6 2
63%
306 Mariano Bogliacino MF 18 1 0
63%
96 Mariano Julio Izco MF 32 1 2
63%
115 Mario Yepes DF 31 1 2
63%
352 Marius Stankevičius DF, MF 14 0 0
63%
366 Martin Jørgensen MF 13 0 0
63%
13 Massimo Maccarone FW 37 12 4
63%
353 Massimo Oddo DF 14 0 0
63%
135 Mauricio Isla DF, MF 30 1 6
63%
368 Maurizio Domizzi DF 13 0 0
63%
98 Mauro Zárate MF, FW 32 3 4
63%
321 McDonald Mariga MF 17 0 1
63%
322 Michele Fini MF 17 1 1
63%
218 Mozart MF 25 0 0
63%
332 Nelson Rivas DF 16 2 0
63%
203 Nicolás Spolli DF 26 1 0
63%
219 Pablo Álvarez DF 25 0 1
63%
220 Paolo De Ceglie DF 25 0 0
63%
221 Per Krøldrup DF 25 2 0
63%
222 Raffaele Palladino MF, FW 25 4 0
63%
391 Ricardo Quaresma MF, FW 11 0 0
63%
117 Riccardo Meggiorini FW 31 5 2
63%
82 Salvatore Lanna DF 33 0 1
63%
191 Sergio Almirón MF 27 5 0
63%
176 Sergio Floccari FW 28 12 3
63%
104 Simone Perrotta MF 32 5 4
63%
17 Simone Tiribocchi FW 37 11 2
63%
427 Stefano Okaka FW 7 1 0
63%
193 Takayuki Morimoto MF, FW 27 5 2
63%
207 Thomas Manfredini DF 26 1 1
63%
208 Tomas Danilevičius FW 26 5 1
63%
264 Abel Hernández FW 21 7 1
50%
161 Alberto Zapater MF 28 3 1
50%
194 Albin Ekdal MF 26 1 0
50%
63 Aleksandar Luković DF 33 0 2
50%
85 Alessandro Gazzi MF 32 0 0
50%
410 Andrea Esposito DF 8 0 0
50%
477 Antonio Chimenti GK 2 0 0
50%
88 Antonio Floro Flores FW 32 9 2
50%
286 Blerim Džemaili MF 19 0 2
50%
478 Bogdan Lobonț GK 2 0 0
50%
464 Boško Janković MF 3 0 0
50%
314 Cesare Natali DF 17 0 1
50%
287 Christian Panucci DF 19 1 0
50%
479 Cicinho DF 2 0 0
50%
162 Claudio Marchisio MF 28 3 1
50%
50 Cristian Zaccardo DF 34 5 1
50%
404 Daniele De Vezze MF 9 0 0
50%
68 Daniele Gastaldello DF 33 3 0
50%
24 Daniele Mannini MF 36 5 5
50%
412 Daniele Ragatzu MF, FW 8 2 0
50%
405 Davide Bombardini MF 9 0 0
50%
164 Davide Moro MF 28 0 1
50%
371 Davide Santon DF 12 0 0
50%
317 Diego De Ascentis MF 17 1 0
50%
70 Emanuele Calaiò FW 33 8 0
50%
166 Ezequiel Carboni MF 28 0 0
50%
448 Fabiano Santacroce DF 4 0 0
50%
372 Fabio Firmani MF 12 0 0
50%
406 Fabio Galante DF 9 0 0
50%
268 Fabio Liverani MF 21 0 5
50%
526 Fabio Moro DF 1 0 0
50%
56 Federico Balzaretti DF 34 1 3
50%
450 Filippo Antonelli MF 4 0 0
50%
278 Gaetano D'Agostino MF 20 1 0
50%
28 Giandomenico Mesto DF, MF 36 5 4
50%
228 Gianluca Zambrotta DF 24 0 0
50%
294 Guglielmo Stendardo DF 19 2 0
50%
128 György Garics DF, MF 30 0 0
50%
151 Hernán Crespo FW 29 6 2
50%
422 Houssine Kharja MF 7 3 0
50%
74 Jaime Valdés MF, FW 33 7 2
50%
250 Jérémy Ménez MF, FW 23 1 2
50%
362 Jesús Dátolo MF 13 1 0
50%
187 Joaquín Larrivey FW 27 3 0
50%
251 Júlio Baptista MF, FW 23 3 0
50%
279 Leandro Rinaudo DF 20 1 1
50%
199 Lorenzo De Silvestri DF, MF 26 1 2
50%
229 Luca Antonelli DF, MF 24 1 0
50%
377 Luis Jiménez MF, FW 12 1 0
50%
157 Marco Cassetti DF, MF 29 2 1
50%
380 Mario Bolatti MF 12 0 0
50%
202 Mario Santana MF 26 3 1
50%
344 Martín Cáceres DF 15 1 1
50%
97 Massimo Donati MF 32 1 1
50%
43 Matías Silvestre DF 35 1 0
50%
231 Matteo Brighi MF 24 4 0
50%
367 Matteo Contini DF 13 0 0
50%
77 Michele Pazienza MF 33 2 0
50%
298 Nicola Legrottaglie DF 19 1 0
50%
234 Nicola Mingazzini MF 24 0 2
50%
310 Nicola Pozzi FW 18 2 0
50%
381 Ousmane Dabo MF 12 0 0
50%
138 Pablo Granoche FW 30 3 1
50%
173 Paolo Castellini DF 28 0 1
50%
189 Paolo Sammarco MF 27 0 0
50%
236 Paul Codrea DF, MF 24 0 0
50%
425 Radja Nainggolan MF 7 0 0
50%
159 Reginaldo FW 29 2 2
50%
81 Rodrigo Taddei DF, FW 33 2 3
50%
445 Sergio Volpi MF 5 0 0
50%
336 Simone Barone MF 16 0 0
50%
46 Simone Bentivoglio MF 35 1 0
50%
139 Sokratis Papastathopoulos DF 30 0 0
50%
47 Stefano Mauri MF, FW 35 3 3
50%
506 Stephen Makinwa FW 2 0 0
50%
436 Thomas Hitzlsperger MF 6 1 0
50%
383 Vitali Kutuzov FW 12 1 2
50%
300 Zdeněk Grygera DF 19 0 0
50%
398 Adem Ljajić MF, FW 9 0 1
38%
473 Adrian Piț MF 2 0 0
38%
510 Alen Stevanović MF, FW 1 0 0
38%
437 Alessandro Bernardini DF 5 0 0
38%
514 Alessandro Grandoni DF 1 0 0
38%
338 Alessandro Parisi DF 15 0 0
38%
195 Andrea Coda DF 26 0 0
38%
392 Andrea Dossena DF, MF 10 0 0
38%
66 Andrea Lazzari MF 33 6 2
38%
110 Andrea Raggi DF 31 1 0
38%
369 André Dias DF 12 2 0
38%
223 Antonio Filippini DF, MF 24 1 1
38%
400 Antonio Langella MF, FW 9 0 1
38%
285 Bernardo Corradi FW 19 0 0
38%
141 Cesare Bovo DF 29 2 0
38%
315 Christian Terlizzi DF 17 0 0
38%
123 Ciro Capuano DF 30 0 2
38%
255 Claudio Bellucci FW 22 1 2
38%
482 Cristiano Lupatelli GK 2 0 0
38%
143 Daniele Dessena MF 29 3 0
38%
25 Daniele Portanova DF 36 2 0
38%
181 Dario Knežević DF 27 0 0
38%
54 Emiliano Viviano GK 34 0 0
38%
184 Fabio Ceravolo FW 27 3 0
38%
224 Federico Peluso DF 24 1 1
38%
269 Felipe dal Belo DF 21 0 0
38%
414 Ferdinando Coppola GK 8 0 0
38%
148 Fernando Tissone MF 29 0 0
38%
441 Francesco Benussi GK 5 0 0
38%
407 Francesco Pisano DF 9 0 0
38%
373 Francesco Pratali DF 12 0 0
38%
226 Francesco Tavano FW 24 4 0
38%
249 Gennaro Sardo DF 23 3 0
38%
227 Gianluca Grava DF 24 0 0
38%
531 Gianmarco Zigoni FW 1 0 0
38%
303 Henry Giménez MF, FW 18 3 1
38%
130 Igor Budan FW 30 5 1
38%
375 Ivan Radovanović DF, MF 12 0 0
38%
94 Jeda FW 32 8 4
38%
329 Jonathan Zebina DF 16 0 0
38%
214 Kwadwo Asamoah DF, MF 25 1 1
38%
408 Lorenzo Ariaudo DF 9 0 0
38%
490 Luciano Figueroa FW 2 0 0
38%
95 Luciano Zauri DF 32 0 0
38%
305 Lukáš Jarolím MF 18 0 1
38%
491 Manolo Gabbiadini MF, FW 2 0 0
38%
155 Marcelo Zalayeta FW 29 4 1
38%
280 Marco Padalino DF, MF 20 2 0
38%
537 Marco Pisano DF 1 0 0
38%
215 Massimo Gobbi DF, MF 25 0 2
38%
457 Massimo Marazzina FW 4 0 0
38%
423 Massimo Mutarelli MF 7 0 0
38%
217 Mato Jajalo MF 25 0 0
38%
308 Matuzalém MF 18 1 0
38%
297 Modibo Diakité DF 19 0 0
38%
99 Nicola Amoruso FW 32 6 0
38%
100 Omar Milanetto MF 32 3 3
38%
334 Pasquale Foggia MF, FW 16 0 2
38%
444 Rene Krhin MF, FW 5 0 0
38%
118 Rodrigo Palacio MF, FW 31 7 6
38%
324 Rubinho GK 17 0 0
38%
101 Salvatore Sirigu GK 32 0 0
38%
472 Souleymane Diamoutene DF 3 0 0
38%
263 Stefano Guberti MF 22 2 2
38%
283 Vangelis Moras DF 20 0 0
38%
512 Alessandro Budel MF 1 0 0
25%
513 Alessandro Diamanti MF, FW 1 0 0
25%
409 Alessio Scarpi GK 8 0 0
25%
462 Alessio Sestu MF 3 0 0
25%
358 Alexandros Tziolis MF 13 0 0
25%
463 Andrea Campagnolo GK 3 0 0
25%
347 Andrea Parola MF 14 0 0
25%
476 Andrea Pisanu MF, FW 2 0 0
25%
313 Antonio Buscè MF 17 2 2
25%
393 Błażej Augustyn DF 10 0 0
25%
401 Bojan Jokić DF, MF 9 0 0
25%
89 Cristian Raimondi DF, MF 32 0 2
25%
403 Cristian Stellini DF 9 1 0
25%
370 Damiano Ferronetti DF, MF 12 0 0
25%
420 Daniele Bonera DF 7 0 0
25%
429 Daniele Franceschini MF 6 0 0
25%
51 Daniele Galloppa MF 34 2 2
25%
326 Davide Marchini MF 16 0 2
25%
348 Dorin Goian DF 14 0 0
25%
340 Elvis Abbruscato FW 15 2 1
25%
146 Emiliano Moretti DF 29 1 0
25%
440 Emmanuel Agyemang-Badu MF 5 0 0
25%
525 Erminio Rullo DF 1 0 0
25%
413 Erwin Hoffer FW 8 0 0
25%
395 Fabrizio Cacciatore DF 10 0 0
25%
485 Federico Moretti MF 2 0 0
25%
246 Ferreira Pinto MF 23 3 1
25%
302 Francesco Lunardini MF 18 0 0
25%
72 Francesco Valiani MF 33 0 2
25%
197 Franco Semioli MF 26 2 1
25%
318 Gennaro Delvecchio MF 17 0 0
25%
453 Giovanni Marchese DF 4 0 0
25%
431 Giuseppe Greco FW 6 1 0
25%
270 Gonçalo Brandão DF 21 0 1
25%
396 Ivan Fatić DF, MF 10 1 1
25%
295 Ivan Jurić MF 19 0 1
25%
152 Jonathan Biabiany MF, FW 29 6 3
25%
397 Keirrison FW 10 2 1
25%
456 Khouma Babacar FW 4 1 1
25%
363 Leonardo Migliónico DF 13 1 0
25%
442 Lionel Scaloni DF, MF 5 0 0
25%
534 Lorenzo Squizzi GK 1 0 0
25%
488 Luca Rossettini DF 2 0 0
25%
390 Luca Vigiani MF 11 0 0
25%
351 Manuele Blasi MF 14 0 0
25%
343 Marcelo Larrondo FW 15 1 1
25%
417 Marco Andreolli DF 8 0 0
25%
331 Marcos de Paula FW 16 2 0
25%
252 Martin Bergvold MF 23 2 0
25%
188 Massimo Paci DF 27 0 0
25%
14 Mattia Cassani DF 37 0 2
25%
469 Michael Agazzi GK 3 0 0
25%
136 Michele Canini DF 30 0 0
25%
137 Michele Marcolini MF 30 4 2
25%
253 Miguel Britos DF 23 0 0
25%
424 Mourad Meghni MF 7 0 0
25%
309 Nicola Belmonte DF 18 0 0
25%
274 Nicolás Bertolo MF 21 0 1
25%
496 Pablo Barrientos MF 2 0 0
25%
356 Pedro Kamata MF 14 0 1
25%
357 Pietro Accardi DF 14 0 0
25%
543 Rafael Romo GK 1 0 0
25%
419 Ricardo Faty MF 8 0 1
25%
335 Riccardo Allegretti MF 16 3 2
25%
237 Roberto Baronio MF 24 0 2
25%
174 Salvatore Bocchetti DF 28 1 0
25%
119 Stefano Morrone MF 31 1 1
25%
428 Tiago Mendes MF 7 0 0
25%
548 Tomáš Košický GK 1 0 0
25%
337 Vladimir Koman MF 16 2 1
25%
509 Abel Gigli DF 1 0 0
13%
518 Artur Moraes GK 1 0 0
13%
519 Christian Obodo MF 1 0 0
13%
288 Claudio Terzi DF 19 1 0
13%
243 Cristian Llama MF 23 2 0
13%
325 Cristian Zenoni DF 16 0 0
13%
289 Damiano Zenoni DF, MF 19 0 1
13%
522 Daniele Padelli GK 1 0 0
13%
26 Davide Biondini MF 36 1 2
13%
388 Davide Di Gennaro MF, FW 11 0 1
13%
182 Davide Lanzafame MF, FW 27 7 3
13%
266 Davide Mandelli DF 21 0 1
13%
339 Davide Succi FW 15 0 1
13%
528 Francesco Bardi GK 1 0 0
13%
529 Francesco Parravicini MF 1 0 0
13%
466 Francesco Scardina DF 3 0 0
13%
430 Gastón Cellerino FW 6 0 0
13%
416 Giacomo Tedesco MF 8 0 1
13%
452 Gianluca Pegolo GK 4 0 0
13%
361 Gianvito Plasmati FW 13 0 1
13%
454 Giovanni Tedesco MF 4 0 0
13%
455 Jaime Romero MF, FW 4 0 0
13%
432 Jürgen Prutsch MF 6 0 0
13%
486 Levan Mchedlidze MF, FW 2 0 0
13%
487 Luca Marrone DF, MF 2 0 0
13%
230 Luca Rigoni MF 24 1 0
13%
535 Manuel Giandonato MF 1 0 0
13%
273 Marcus Diniz DF 21 0 0
13%
434 Maximiliano Pellegrino DF 6 0 0
13%
354 Michele Paolucci MF, FW 14 2 1
13%
494 Miguel Layún DF, MF 2 0 0
13%
233 Mirko Pieri DF, MF 24 0 0
13%
355 Nenad Tomović DF 14 0 0
13%
495 Nicola Pavarini GK 2 0 0
13%
158 Nico Pulzetti MF 29 1 1
13%
542 Orazio Russo FW 1 0 0
13%
275 Paolo Bianco DF 21 0 0
13%
459 Roberto Colombo GK 4 0 0
13%
60 Roberto Guana MF 34 1 0
13%
546 Rodney Strasser MF 1 0 0
13%
190 Romano Perticone DF 27 0 0
13%
238 Santiago Morero DF 24 0 0
13%
282 Sebastiano Siviglia DF 20 1 0
13%
426 Simone Del Nero DF, FW 7 0 0
13%
35 Simone Padoin DF, MF 36 2 2
13%
205 Stefano Lucchini DF 26 0 1
13%
105 Tiberio Guarente MF 32 1 0
13%
507 Tommaso Berni GK 2 0 0
13%
549 Vincenzo Fiorillo GK 1 0 0
13%
508 Vlada Avramov GK 2 0 0
13%
179 Adrián Ricchiuti MF 27 3 1
0%
461 Agostino Garofalo DF, MF 3 0 0
0%
511 Alessandro Bassoli DF 1 0 0
0%
284 Alessandro Potenza DF 19 0 0
0%
474 Alessandro Sbaffo MF 2 0 0
0%
515 Alessio Luciani DF 1 0 0
0%
516 Alessio Manzoni MF 1 0 0
0%
446 Alexandre Geijo FW 4 0 0
0%
475 András Gosztonyi MF 2 0 0
0%
517 Andrea De Vito DF 1 0 0
0%
20 Andrea Mantovani DF 36 3 2
0%
520 Christian Tiboni FW 1 0 0
0%
481 Cristian Melinte DF 2 0 0
0%
394 Daniele Capelli DF 10 0 1
0%
386 Daniele Ficagna DF 11 0 0
0%
521 Daniel Kofi Agyei MF 1 0 0
0%
523 Danijel Aleksić MF, FW 1 0 0
0%
483 Dejan Lazarević MF 2 0 0
0%
484 Eliseu DF, MF 2 0 0
0%
439 Emanuele Testardi FW 5 0 0
0%
524 Enrico Verachi MF 1 0 0
0%
349 Fabio Caserta MF 14 0 1
0%
449 Fabio Sciacca MF 4 0 0
0%
527 Federico Carraro MF 1 0 0
0%
291 Federico Casarini MF 19 0 1
0%
465 Federico Dionisi MF, FW 3 0 0
0%
415 Ferdinando Sforzini FW 8 0 0
0%
247 Francesco Modesto DF, MF 23 0 1
0%
451 Gaël Genevier MF 4 0 0
0%
374 Giuseppe Bellusci DF 12 0 0
0%
467 Guilherme Siqueira DF, MF 3 0 0
0%
532 Isaac Cofie MF 1 0 0
0%
364 Lino Marzorati DF 13 0 1
0%
113 Luca Ariatti DF, MF 31 0 0
0%
489 Luca Simeoni FW 2 0 0
0%
261 Luigi Vitale DF, FW 22 0 1
0%
342 Manuel Iori MF 15 0 0
0%
536 Marco Calderoni DF 1 0 0
0%
418 Marco Malagò DF 8 0 0
0%
492 Matteo Lignani MF 2 0 0
0%
538 Mattia Gallon FW 1 0 0
0%
493 Mauro Vigorito GK 2 0 0
0%
443 Michael Odibe DF 5 0 0
0%
539 Mikhail Sivakow DF, MF 1 0 0
0%
435 Nicola Madonna MF 6 0 0
0%
540 Niki Zimling MF 1 0 0
0%
541 Ondřej Čelůstka DF 1 0 0
0%
254 Paolo Dellafiore DF 23 0 0
0%
499 Rafael Santos DF 2 0 0
0%
544 Raffaele Maiello MF 1 0 0
0%
545 Riccardo Pasi MF 1 0 0
0%
500 Riccardo Perpetuini DF, MF 2 0 0
0%
470 Richmond Boakye FW 3 1 0
0%
501 Samuele Modica DF 2 0 0
0%
502 Savio Nsereko MF, FW 2 0 0
0%
460 Simone Pesce MF 4 0 0
0%
547 Stefano Pettinari MF, FW 1 0 0
0%
503 Stefan Šćepović FW 2 0 0
0%
504 Stephan El Shaarawy DF, MF, FW 2 0 0
0%
505 Stephen Appiah MF 2 0 0
0%
550 Welle Ossou DF 1 0 0
0%
551 Yonese Hanine MF 1 0 0
0%
No matching quizzes found
Score Distribution
Percent of People with Each Score
Percentile by Number Answered
Your Score History
You have not taken this quiz